[Event "GRE-ch U18 Girls"]
[Site "Kavala"]
[Date "2022.04.27"]
[Round "3"]
[White "Tsiripova, Eleni"]
[Black "Kalogeridou, Ioanna"]
[Result "1-0"]
[WhiteElo "1358"]
[BlackElo "1448"]
[PlyCount "103"]
[EventDate "2022.04.26"]
[EventType "swiss"]
[EventRounds "9"]
[EventCountry "GRE"]
[SourceTitle "CBM 208 Extra"]
[Source "ChessBase"]
[SourceDate "2022.07.31"]
[SourceVersion "1"]
[SourceVersionDate "2022.07.31"]
[SourceQuality "1"]

1. d4 d5 2. Bf4 c5 3. e3 Nc6 4. Nf3 Bf5 5. c4 e6 6. Nc3 Nf6 7. Be2 Be7 8. 0-0 0-0 9. a3 cxd4 10. Nxd4 Nxd4 11. Qxd4 dxc4 12. Qxc4 Rc8 13. Qb3 Qb6 14. Qxb6 axb6 15. Bf3 Bd3 16. Rfd1 Ba6 17. Rac1 Rfd8 18. Rxd8+ Bxd8 19. e4 Nd7 20. b4 Bf6 21. Bd2 Bd3 22. e5 Bxe5 23. Bxb7 Rc7 24. Be4 Bxe4 25. Nxe4 Rxc1+ 26. Bxc1 b5 27. f4 Bd4+ 28. Kf1 e5 29. Nd6 exf4 30. Bxf4 Nb6 31. Nxb5 Bb2 32. Ke2 Kf8 33. Kd3 Ke8 34. Be3 Nd5 35. Bd2 Kd7 36. g3 Kc6 37. a4 Nb6 38. Na7+ Kb7 39. a5 Nd7 40. Nb5 Ne5+ 41. Kc2 Kc6 42. Na7+ Kb7 43. Kxb2 Nc4+ 44. Kc3 Nxd2 45. Kxd2 Kxa7 46. Kc3 h5 47. Kd4 f6 48. h3 g6 49. b5 f5 50. h4 Kb7 51. Ke5 Ka7 52. Kf6 1-0

[Event "GRE-ch U20 Girls"]
[Site "Trikala"]
[Date "2021.08.24"]
[Round "2"]
[White "Kalogeridou, Ioanna"]
[Black "Gkoutzouki, Aikaterini Argyro"]
[Result "1-0"]
[WhiteElo "1342"]
[BlackElo "1466"]
[PlyCount "91"]
[EventDate "2021.08.23"]
[EventType "swiss"]
[EventRounds "9"]
[EventCountry "GRE"]
[SourceTitle "EXT 2022"]
[Source "ChessBase"]
[SourceDate "2021.10.06"]
[SourceVersion "1"]
[SourceVersionDate "2021.10.06"]
[SourceQuality "1"]

1. d4 d5 2. c4 e6 3. Nf3 Nf6 4. g3 Be7 5. Bg2 0-0 6. Nc3 Nbd7 7. 0-0 c6 8. Bf4 b6 9. cxd5 exd5 10. Ne5 Bb7 11. Rc1 Rc8 12. Bh3 Ra8 13. Nxd7 Nxd7 14. Nxd5 cxd5 15. Bxd7 Qxd7 16. Rc7 Qe6 17. Rxb7 Bf6 18. Rc7 Rfc8 19. Qd3 g5 20. Rxc8+ Rxc8 21. Bd2 Re8 22. e3 Rc8 23. Rc1 Rxc1+ 24. Bxc1 Qc6 25. Bd2 Qa4 26. Qb1 Be7 27. b3 Qc6 28. Qf5 a5 29. a4 Kg7 30. e4 Qe6 31. Qxd5 Qxd5 32. exd5 Kg6 33. g4 h5 34. h3 hxg4 35. hxg4 f5 36. f3 f4 37. Kf1 Kf6 38. Ke2 Bd6 39. Kd3 Ba3 40. Kc4 Be7 41. Kb5 Bd8 42. Kc6 Ke7 43. d6+ Ke6 44. d5+ Kf7 45. Bc3 Ke8 46. Bd4 1-0

[Event "GRE-ch U18 Girls"]
[Site "Chania"]
[Date "2021.07.16"]
[Round "3"]
[White "Kalogeridou, Ioanna"]
[Black "Christodoulou, Georgia"]
[Result "1/2-1/2"]
[WhiteElo "1337"]
[BlackElo "1373"]
[PlyCount "79"]
[EventDate "2021.07.15"]
[EventType "swiss"]
[EventRounds "9"]
[EventCountry "GRE"]
[SourceTitle "EXT 2022"]
[Source "ChessBase"]
[SourceDate "2021.10.06"]
[SourceVersion "1"]
[SourceVersionDate "2021.10.06"]
[SourceQuality "1"]

1. d4 d5 2. c4 e6 3. Nf3 Nf6 4. g3 Be7 5. Bg2 0-0 6. Nc3 dxc4 7. Ne5 c5 8. dxc5 Qc7 9. Nxc4 Bxc5 10. 0-0 Bxf2+ 11. Rxf2 Qxc4 12. Rxf6 gxf6 13. Bh6 Nd7 14. e4 Ne5 15. Bxf8 Kxf8 16. Qd6+ Kg7 17. Bf1 Qc6 18. Qb4 Qb6+ 19. Qxb6 axb6 20. Bb5 Bd7 21. Bxd7 Nxd7 22. Rd1 Ne5 23. Kg2 Rc8 24. Rb1 Rd8 25. Rd1 Rxd1 26. Nxd1 Kg6 27. Ne3 h6 28. a3 f5 29. exf5+ exf5 30. b3 Nc6 31. a4 Nd4 32. b4 b5 33. axb5 Nxb5 34. Nd5 Nd4 35. Kf2 Nc6 36. Ke3 Kg5 37. h3 h5 38. b5 Ne5 39. h4+ Kg6 40. Kf4 1/2-1/2

[Event "GRE-ch U16 Girls"]
[Site "Patras"]
[Date "2021.07.06"]
[Round "5"]
[White "Christodoulou, Georgia"]
[Black "Kalogeridou, Ioanna"]
[Result "0-1"]
[WhiteElo "1373"]
[BlackElo "1337"]
[PlyCount "146"]
[EventDate "2021.07.02"]
[EventType "swiss"]
[EventRounds "7"]
[EventCountry "GRE"]
[SourceTitle "EXT 2023"]
[Source "ChessBase"]
[SourceDate "2022.10.05"]
[SourceVersion "1"]
[SourceVersionDate "2022.10.05"]
[SourceQuality "1"]

1. e4 c5 2. Nf3 Nc6 3. c3 Nf6 4. e5 Nd5 5. d4 cxd4 6. cxd4 d6 7. Bc4 dxe5 8. dxe5 Ndb4 9. Qxd8+ Nxd8 10. Na3 Bg4 11. Be2 Ndc6 12. Bd2 e6 13. Bc3 Be7 14. 0-0 0-0 15. Nb5 Rfd8 16. h3 Bh5 17. g4 Bg6 18. Nbd4 Nd5 19. Nxc6 bxc6 20. Bd2 Rab8 21. b3 Bb4 22. Bxb4 Rxb4 23. Bc4 Nf4 24. Kh2 Be4 25. Rfd1 Rbb8 26. Ne1 Ng6 27. Rac1 Nxe5 28. Bf1 Nf3+ 29. Nxf3 Bxf3 30. Rxd8+ Rxd8 31. Kg3 Bd5 32. Ba6 Rd7 33. Kf4 Kf8 34. Ke3 Ke7 35. Rc3 Kd6 36. Bd3 g6 37. Be2 f5 38. Rc1 Ke5 39. f4+ Kd6 40. Kf2 Rb7 41. Kg3 Rb4 42. Rc2 a5 43. Rd2 Kc5 44. Bf1 a4 45. Rc2+ Kd6 46. bxa4 Rxa4 47. Rd2 Rxa2 48. Rxa2 Bxa2 49. Kf3 e5 50. fxe5+ Kxe5 51. gxf5 Kxf5 52. Ke3 Ke5 53. Bd3 c5 54. Be2 Be6 55. Bf1 g5 56. Bg2 Bf5 57. Bf1 h6 58. Bg2 c4 59. Kd2 Kd4 60. Bf1 c3+ 61. Kc1 Be4 62. Be2 Bf5 63. Bf1 h5 64. Bg2 g4 65. hxg4 hxg4 66. Kd1 Be4 67. Bf1 Ke3 68. Bb5 g3 69. Bf1 Bd3 70. Bg2 Kf2 71. Ba8 Be2+ 72. Kc2 Bf3 73. Bxf3 Kxf3 0-1

[Event "GRE-ch U20 Girls"]
[Site "Trikala"]
[Date "2020.08.17"]
[Round "1"]
[White "Apostolakaki, Evangelia"]
[Black "Kalogeridou, Ioanna"]
[Result "1/2-1/2"]
[WhiteElo "1617"]
[BlackElo "1277"]
[PlyCount "66"]
[EventDate "2020.08.17"]
[EventType "swiss"]
[EventRounds "9"]
[EventCountry "GRE"]
[SourceTitle "CBM 198 Extra"]
[Source "ChessBase"]
[SourceDate "2020.11.30"]
[SourceVersion "1"]
[SourceVersionDate "2020.11.30"]
[SourceQuality "1"]

1. d4 d5 2. c4 c6 3. Nf3 Nf6 4. e3 g6 5. Nc3 Bg7 6. Be2 0-0 7. 0-0 Bf5 8. Qb3 b6 9. Ne5 Qd6 10. f4 h5 11. Bf3 e6 12. Na4 Na6 13. Bd2 c5 14. cxd5 exd5 15. Nc3 Nc7 16. Rac1 Ne4 17. Bxe4 Bxe4 18. Nxe4 dxe4 19. Nc4 Qd5 20. dxc5 b5 21. Ne5 Qxd2 22. Nxg6 Qxb2 23. Nxf8 Qxb3 24. axb3 Kxf8 25. Rfd1 Ke7 26. c6 Ke6 27. Rc5 f5 28. Rd7 Ne8 29. Rxb5 Rc8 30. Rbb7 Bf6 31. Rxa7 Rxc6 32. Rd2 Rb6 33. Kf2 Rxb3 1/2-1/2

[Event "GRE-ch U14 Girls"]
[Site "Patras"]
[Date "2019.06.26"]
[Round "2.8"]
[White "Lola, Dafni"]
[Black "Kalogeridou, Ioanna"]
[Result "1-0"]
[WhiteElo "1298"]
[BlackElo "1131"]
[PlyCount "57"]
[EventDate "2019.06.25"]
[EventType "swiss"]
[EventRounds "9"]
[EventCountry "GRE"]
[SourceTitle "EXT 2020"]
[Source "ChessBase"]
[SourceDate "2019.10.17"]
[SourceVersion "1"]
[SourceVersionDate "2019.10.17"]
[SourceQuality "1"]
[WhiteTeam "Greece"]
[BlackTeam "Greece"]
[WhiteTeamCountry "GRE"]
[BlackTeamCountry "GRE"]

1. d4 d5 2. Bf4 Nf6 3. e3 Bf5 4. c4 c6 5. Nc3 e6 6. Nf3 Nbd7 7. Qb3 Qb6 8. c5 Qxb3 9. axb3 Be7 10. Be2 0-0 11. 0-0 Bg4 12. h3 Bxf3 13. gxf3 b6 14. b4 b5 15. Ra6 Rfc8 16. Rfa1 h6 17. Rxa7 Rxa7 18. Rxa7 Kf8 19. Nb1 Ke8 20. Nd2 Nh5 21. Bh2 f5 22. Nb3 Bd8 23. Na5 g5 24. f4 Nhf6 25. fxg5 hxg5 26. Nb7 Be7 27. Ra6 Nb8 28. Bxb8 Rxb8 29. Na5 1-0

[Event "GRE-ch U14 Girls"]
[Site "Patras"]
[Date "2019.06.25"]
[Round "1.7"]
[White "Kalogeridou, Ioanna"]
[Black "Gioutsou, Miranta"]
[Result "0-1"]
[WhiteElo "1131"]
[BlackElo "1476"]
[PlyCount "134"]
[EventDate "2019.06.25"]
[EventType "swiss"]
[EventRounds "9"]
[EventCountry "GRE"]
[SourceTitle "EXT 2020"]
[Source "ChessBase"]
[SourceDate "2019.10.17"]
[SourceVersion "1"]
[SourceVersionDate "2019.10.17"]
[SourceQuality "1"]
[WhiteTeam "Greece"]
[BlackTeam "Greece"]
[WhiteTeamCountry "GRE"]
[BlackTeamCountry "GRE"]

1. d4 Nf6 2. c4 c5 3. d5 e6 4. Nc3 exd5 5. cxd5 d6 6. e4 g6 7. Nf3 Bg7 8. Bb5+ Nbd7 9. 0-0 a6 10. Bxd7+ Bxd7 11. Bf4 Bg4 12. a4 0-0 13. h3 Bxf3 14. Qxf3 Re8 15. Rfe1 Rb8 16. e5 Nh5 17. exd6 Nxf4 18. Qxf4 Bxc3 19. bxc3 Qd7 20. Re7 Qf5 21. Qxf5 gxf5 22. Rae1 Kf8 23. R1e5 b5 24. axb5 axb5 25. Re1 b4 26. cxb4 cxb4 27. Kf1 b3 28. Rxe8+ Rxe8 29. Rb1 Rb8 30. Ke2 Ke8 31. Kd3 Kd7 32. Kc3 Kxd6 33. Rxb3 Rxb3+ 34. Kxb3 Kxd5 35. Kc3 Ke4 36. Kd2 f4 37. Ke2 f3+ 38. Kf1 fxg2+ 39. Kxg2 Kf4 40. f3 h5 41. h4 f6 42. Kf2 f5 43. Kg2 Ke3 44. Kg3 f4+ 45. Kg2 Ke2 46. Kg1 Kxf3 47. Kf1 Kg3 48. Kg1 f3 49. Kf1 f2 50. Ke2 Kg2 51. Ke3 f1Q 52. Kd4 Qf5 53. Ke3 Kg3 54. Kd4 Qe6 55. Kd3 Qe5 56. Kc4 Qd6 57. Kc3 Qd5 58. Kb4 Qc6 59. Kb3 Qc5 60. Kb2 Qc4 61. Kb1 Qc3 62. Ka2 Qb4 63. Ka1 Kf2 64. Ka2 Ke3 65. Ka1 Kd2 66. Ka2 Kc3 67. Ka1 Qb2# 0-1

[Event "GRE-ch U14 Girls"]
[Site "Rio Achaia"]
[Date "2018.07.04"]
[Round "2"]
[White "Gkika, Marina"]
[Black "Kalogeridou, Ioanna"]
[Result "1-0"]
[WhiteElo "1219"]
[BlackElo "1129"]
[PlyCount "101"]
[EventDate "2018.07.03"]
[EventType "swiss"]
[EventRounds "9"]
[EventCountry "GRE"]
[SourceTitle "EXT 2019"]
[Source "ChessBase"]
[SourceDate "2018.10.10"]
[SourceVersion "1"]
[SourceVersionDate "2018.10.10"]
[SourceQuality "1"]

1. e4 e6 2. d4 d5 3. exd5 exd5 4. Bd3 Nc6 5. c3 Nf6 6. Nf3 Bd6 7. 0-0 0-0 8. Bg5 Bg4 9. Nbd2 Nb8 10. Qc2 g6 11. Ne5 Be6 12. f4 Nbd7 13. Rae1 Qe8 14. Bh6 Nxe5 15. fxe5 Ng4 16. Bxf8 Bxf8 17. h3 Nh6 18. Nf3 c5 19. Qd2 Nf5 20. Bxf5 Bxf5 21. Nh2 c4 22. Ng4 Bxg4 23. hxg4 Qe6 24. Qf4 Be7 25. Rf3 b5 26. Rh3 g5 27. Qf5 Qxf5 28. gxf5 f6 29. Rhe3 Rd8 30. exf6 Bxf6 31. Re8+ Rxe8 32. Rxe8+ Kf7 33. Ra8 Be7 34. Rxa7 Kf6 35. g4 b4 36. cxb4 Bxb4 37. Rd7 c3 38. bxc3 Bxc3 39. Rxd5 Bb4 40. a4 Ke7 41. a5 Bd6 42. Rb5 Bf4 43. Kf2 Kd6 44. a6 Kc6 45. Rb1 Bc7 46. a7 Kd5 47. a8Q+ Kxd4 48. Qa7+ Bb6 49. Qxb6+ Ke4 50. Qe6+ Kf4 51. Rb4# 1-0